Sports Quiz

Random Sports Quiz
Score 0/30 Timer 10:00
0 Plays Today
Appearances Player % Correct
882Ryan Giggs
98.3%
707Paul Scholes
96.8%
595Gary Neville
94.3%
374Phil Neville
93.5%
384David Beckham
91.6%
432Rio Ferdinand
91.4%
402Wayne Rooney
90.5%
292Cristiano Ronaldo
88%
459Roy Keane
87.8%
266Nemanja Vidic
87.3%
266Edwin van der Sar
83.9%
273Andy Cole
83.5%
379Nicky Butt
81.5%
341Peter Schmeichel
78.6%
334Patrice Evra
78.5%
Appearances Player % Correct
428Denis Irwin
75.6%
211Steve Bruce
72.9%
319Michael Carrick
70.3%
256Bryan Robson
68.6%
219Ruud van Nistelrooy
67.9%
359Ole Gunnar Solskjaer
67.2%
287Gary Pallister
64.2%
204Ji-sung Park
63.5%
391John O'Shea
60.5%
360Wes Brown
60.4%
312Darren Fletcher
59.7%
216Luis Nani
58.3%
352Mark Hughes
56.1%
230Brian McClair
33.9%
361Mikael Silvestre
30.6%
Remove Ads.
Support Sporcle.
Get the best of Sporcle when you Go Orange. This ad-free experience offers more features, more stats, and more fun while also helping to support Sporcle. Thank you for becoming a member.

You're not logged in!

Compare scores with friends on all Sporcle quizzes.
OR
Log In

Show Comments

Extras

Top Quizzes Today


Score Distribution

Your Account Isn't Verified!

In order to create a playlist on Sporcle, you need to verify the email address you used during registration. Go to your Sporcle Settings to finish the process.

Report this User

Report this user for behavior that violates our Community Guidelines.

Details: